00795nam a2200241 a 450000100100000000500170001000800410002702000150006804000250008308200200010810000260012824000310015424501120018526000350029730000210033249000230035353400380037665000260041465000400044070000260048070000240050683000230053000002112020200930011235.0100831s1995 sp r 000 f spa d a9501514536 aDO-SdBNPbSPAcBNPHU a813.54bR629ó1 aRobards, Karend1954-10aMaggy's child.lEspañol.10aLa otra cara de la vida /cKaren Robards ; traducción Aníbal Leal ; edición original Delacorte Press. aBuenos Aires :bVerlap,c1995. a317 p. ;c28 cm.1 aRomántica de hoy aTítulo original:tMaggy's child 4aNovela estadounidense 4aLiteratura estadounidenseySIGLO XX1 aPress, Delacorteeed.1 aLeal, Aníbalctr. 0aRomántica de hoy